00743nam a2200253 4500003000400000005001700004008004100021020001500062040001800077041000800095050002000103100002100123245001800144264006100162300002000223336002200243337002400265338002400289500007700313650003500390650003300425942001400458999001700472OSt20260601193840.0260505b2004 nyua|||| |||| 00| 0 eng d a0060730781 aICIbspacICI aeng 1aNC997bC73 2004 aE. Carter, David 0aCreativity 33 aNew York, New York :bHarper Design International,c2004 a400 páginas : atexto2rdacontent asin medio2rdamedia avolumen2rdacarrier a"Bright ideas in advertising & design from the USA and around the world" aArte comercialzEstados Unidos aArte comercialvExposiciones 2lcccBn1 c21386d21386